Any One-Word Movie by Actress Quiz Stats

Quiz Updated Dec 10, 2015

Challenge
Share
Tweet
Embed
Score 0/30 Timer 05:00
0 Plays Today
Actress One-Word Title % Correct
Sandra BullockSpeed
90.8%
Sigourney WeaverAlien
86.2%
Kate WinsletTitanic
81%
CherMoonstruck
75.1%
Kathy BatesMisery
74.8%
Demi MooreGhost
64.9%
Charlize TheronMonster
61.9%
Halle BerryCatwoman
57.6%
Sissy SpacekCarrie
57%
Angelina JolieGia
56.9%
Jodie FosterNell
53.3%
Jane FondaJulia
49.4%
Amy AdamsEnchanted
48.1%
Natalie PortmanThor
39%
Gwyneth PaltrowSeven
36%
Actress One-Word Title % Correct
Renée ZellwegerChicago
35.5%
Meryl StreepAdaptation
34.5%
Sharon StoneCasino
32.9%
Faye DunawayNetwork
32.4%
Nicole KidmanBewitched
32.1%
Michelle PfeifferScarface
31.9%
Audrey HepburnSabrina
28.9%
Julia RobertsFlatliners
28.4%
Diane KeatonSleeper
27%
Drew BarrymoreScream
22.6%
Sally FieldLincoln
19.7%
Jessica LangeFrances
18.8%
Hilary SwankAmelia
13.1%
Meg RyanInnerspace
10.6%
Glenn CloseMaxie
7.2%

You're not logged in!

Compare scores with friends on all Sporcle quizzes.
Sign Up with Email
OR
Log In

You Might Also Like...

Show Comments

Extras

Top Quizzes Today


Score Distribution

Your Account Isn't Verified!

In order to create a playlist on Sporcle, you need to verify the email address you used during registration. Go to your Sporcle Settings to finish the process.